01094 a2200169 45000010006000000050017000060080041000230030015000640400040000790800076001192450030001952640029002253000019002545050614002731000018008877000019009053979920260407155654.0260407a1970 arg spa dAR-UNSa-BCEJYS aAR-UNSa-BCEJYSbspacAR-UNSa-BCEJYS a910xGeneralidades. La geografía como ciencia. Exploraciones. Viajes 10aPanorama del mundo actual 1aBarcelona :bArielc1970 a318 p.c21 cm. aParte I.: Originalidad del mundo actual: 1. La explosión demográfica y sus corolarios - 2. ¿Una nueva resolución industrial? - 3. El fracaso del imperialismo del siglo XIX - 4. Exigüidad y solidaridad en la disparidad - Parte II: Balance del mundo actual : 1. La búsqueda de un equilibrio entre los países industriales - 2. El eje mediterráneo y el Oriente Medio.Panorabismo y petróleo - 3. Ambigüedad de Asia - 4. África - 5. ¿América latina o hemisferio americano? - Parte III: Tendencias y perspectivas: 1. La aventura urbana - 2. La búsqueda de nuevas relaciones internacionales.1 aBordonaba, P.1 aGeorge, Pierre